Biomass energy policy in Africa: selected case studies (Record no. 81138)

MARC details
000 -LEADER
fixed length control field 00895nam a2200205 a 4500
008 - FIXED-LENGTH DATA ELEMENTS--GENERAL INFORMATION
fixed length control field 120416s1997 ||||||||||||||||| || u
020 ## - INTERNATIONAL STANDARD BOOK NUMBER
International Standard Book Number 1856495191
050 ## - LIBRARY OF CONGRESS CALL NUMBER
Classification number TP 360 Bio
100 ## - MAIN ENTRY--PERSONAL NAME
Personal name Hall, D. O
245 10 - TITLE STATEMENT
Title Biomass energy policy in Africa: selected case studies
Statement of responsibility, etc. edited by D. L. Kgathi and others
260 ## - PUBLICATION, DISTRIBUTION, ETC.
Place of publication, distribution, etc. London
Name of publisher, distributor, etc. Zed Books
Date of publication, distribution, etc. 1997
300 ## - PHYSICAL DESCRIPTION
Extent xvi, 234 p. :ill.
350 ## -
-- 0.00
490 ## -
-- African energy policy research
650 ## - SUBJECT ADDED ENTRY--TOPICAL TERM
Topical term or geographic name entry element ENERGY
650 ## - SUBJECT ADDED ENTRY--TOPICAL TERM
Topical term or geographic name entry element BIOMASS ENERGY--GOVERNMENT POLICY--AFRICA
700 ## - ADDED ENTRY--PERSONAL NAME
Personal name Kgathi, D. L
995 ## -
-- ANNEX COLLECTION (Main Library)
-- 0.00
-- 729631
-- CBU-MAIN LIBRARY (Kitwe)
-- 1
-- 0.00
-- TP 360 Bio
-- 1
-- AVAILABLE
-- Jul 17, 2007
-- 021817
-- Annex Low-Usage Collection
995 ## -
-- ANNEX COLLECTION (Main Library)
-- 0.00
-- 729630
-- CBU-MAIN LIBRARY (Kitwe)
-- 1
-- 0.00
-- TP 360 Bio
-- 2
-- AVAILABLE
-- Jul 18, 2007
-- 021818
-- Annex Low-Usage Collection
999 ## -
-- 81138
-- 81138
Holdings
Withdrawn status Lost status Source of classification or shelving scheme Damaged status Not for loan Permanent Location Current Location Shelving location Date acquired Total Checkouts Full call number Barcode Date last seen Copy number Price effective from Koha item type
          CBU-MAIN LIBRARY, KITWE. CBU-MAIN LIBRARY, KITWE.   07/19/2023   TP 360 Bio 021817 07/19/2023 1 07/19/2023 MONOGRAPH
          CBU-MAIN LIBRARY, KITWE. CBU-MAIN LIBRARY, KITWE.   07/19/2023   TP 360 Bio 021818 07/19/2023 2 07/19/2023 MONOGRAPH